书目信息 |
| 题名: |
制冷压缩机与设备实训
|
|
| 作者: | 王琪 主编 | |
| 分册: | ||
| 出版信息: | 北京 机械工业出版社 2016.08 |
|
| 页数: | 148页 | |
| 开本: | 26cm | |
| 丛书名: | ||
| 单 册: | ||
| 中图分类: | TB652 | |
| 科图分类: | ||
| 主题词: | 制冷压缩机--高等职业教育--教材 | |
| 电子资源: | ||
| ISBN: | 978-7-111-54309-1 | |
| 000 | 01031nam0 2200265 450 | |
| 001 | 0120162006126 | |
| 005 | 20170418153652.67 | |
| 010 | @a978-7-111-54309-1@dCNY22.00 | |
| 100 | @a20160912d2016 em y0chiy50 ea | |
| 101 | 0 | @achi |
| 102 | @aCN@b110000 | |
| 105 | @aa z 000yy | |
| 106 | @ar | |
| 200 | 1 | @a制冷压缩机与设备实训@9zhi leng ya suo ji yu she bei shi xun@f王琪主编 |
| 205 | @a2版 | |
| 210 | @a北京@c机械工业出版社@d2016.08 | |
| 215 | @a148页@c图@d26cm | |
| 300 | @a高等职业教育规划教材 制冷与空调/制冷与冷藏专业 “十二五”职业教育国家规划教材 普通高等教育“十一五”国家级规划教材 | |
| 330 | @a本书主要介绍了与制冷和空调系统有关的钳工工具的结构、使用;制冷压缩机进行拆卸、装配和测量时的一些专用工具的使用;活塞式、螺杆式和离心式制冷压缩机的拆卸及装配的操作、注意事项,并在此基础上分析与压缩机有关简单故障等。 | |
| 333 | @a高职 | |
| 606 | 0 | @a制冷压缩机@x高等职业教育@j教材 |
| 690 | @aTB652@v5 | |
| 701 | 0 | @a王琪@9wang qi@4主编 |
| 801 | 0 | @aCN@b人天书店@c20160912 |
| 905 | @b986628-31@dTB652@e373=2@f4 | |
| 制冷压缩机与设备实训/王琪主编.-2版.-北京:机械工业出版社,2016.08 |
| 148页:图;26cm |
| 高等职业教育规划教材 制冷与空调/制冷与冷藏专业 “十二五”职业教育国家规划教材 普通高等教育“十一五”国家级规划教材.-使用对象:高职 |
| ISBN 978-7-111-54309-1:CNY22.00 |
| 本书主要介绍了与制冷和空调系统有关的钳工工具的结构、使用;制冷压缩机进行拆卸、装配和测量时的一些专用工具的使用;活塞式、螺杆式和离心式制冷压缩机的拆卸及装配的操作、注意事项,并在此基础上分析与压缩机有关简单故障等。 |
| ● |
| 相关链接 |
|
|
|
|
正题名:制冷压缩机与设备实训
索取号:TB652/373=2
 
预约/预借
| 序号 | 登录号 | 条形码 | 馆藏地/架位号 | 状态 | 备注 |
| 1 | 986628 | 209866288 | 第二样本阅览室/ [索取号:TB652/373=2] | 在馆 | |
| 2 | 986629 | 209866297 | 密集书库-化学系/ [索取号:TB652/373=2] | 在馆 | |
| 3 | 986630 | 209866304 | 第三借阅区/ [索取号:TB652/373=2] | 在馆 | |
| 4 | 986631 | 209866313 | 第三借阅区/ [索取号:TB652/373=2] | 在馆 |